Đất và phân bón : Giáo trình Cao đẳng Sư phạm /

Guardat en:
Dades bibliogràfiques
Autor principal: Ngô Thị Đào, TS.
Altres autors: Vũ Hữu Yêm, GS.TS.
Format: Sách giấy
Idioma:Vietnamese
Publicat: H. : Đại học Sư phạm, 2007.
Matèries:
Etiquetes: Afegir etiqueta
Sense etiquetes, Sigues el primer a etiquetar aquest registre!
Thư viện lưu trữ: Thư viện Trường Đại học Đà Lạt
LEADER 00866nam a2200325 4500
001 DLU100111005
005 ##20100825
040 # # |a DLU  |b vie 
041 # # |a vie 
044 # # |a vn 
082 # # |a 631.4  |b NG-D 
100 # # |a Ngô Thị Đào,  |c TS. 
245 # # |a Đất và phân bón :  |b Giáo trình Cao đẳng Sư phạm /  |c Ngô Thị Đào, Vũ Hữu Yêm. 
260 # # |a H. :  |b Đại học Sư phạm,  |c 2007. 
300 # # |a 418 tr. ;  |c 24 cm. 
504 # # |a Tài liệu tham khảo: tr. 416 
505 # # |a Phần A. Đất -- Phần B. Phân bón. 
653 # # |a Khoa học đất 
700 # # |a Vũ Hữu Yêm,  |c GS.TS. 
923 # # |a 06/2010 
991 # # |a GT 
992 # # |a 65000 
994 # # |a DLU 
900 # # |a True 
911 # # |a Đào Thị Thu Huyền 
925 # # |a G 
926 # # |a A 
927 # # |a SH 
980 # # |a Thư viện Trường Đại học Đà Lạt